Detalles MARC
| 000 -LIDER |
| fixed length control field |
01467nam a2200301 4500 |
| 001 - NÚMERO DE CONTROL |
| Identificador de número de control |
|
| 003 - IDENTIFICACDOR DE NÚMERO DE CONTROL |
| control field |
DO-SdBNP |
| 005 - DATE AND TIME OF LATEST TRANSACTION |
| control field |
20230504130437.0 |
| 008 - ELEMENTOS DE LONGITUD FIJA |
| fixed length control field |
171103b 1998 sp| 00| 0 spa d |
| 020 ## - ISBN |
| International Standard Book Number |
848649740X |
| 020 ## - ISBN |
| International Standard Book Number |
|
| 040 ## - FUENTE DE CATALOGACIÓN |
| Agencia que crea de manera original el registro |
BMPSU |
| Idioma de catalogación |
spa |
| Agencia que realiza la transcripción |
BMPSU |
| 082 #4 - NÚMERO DE CLASIFICACIÓN DECIMAL DE DEWEY |
| Classification number |
303.483 |
| Item number |
F727t 1998 |
| Edition number |
22 |
| 111 2# - ASIENTO PRINCIPAL--NOMBRE DE REUNIÓN O CONFERENCIA |
| Nombre de reunión o jurisdicción como elemento de entrada |
Foro sobre Tendencias Sociales |
| Número de la parte, sección o reunión |
(2 . : |
| Fecha de la reunión |
1997 : 22-24 octubre |
| Lugar de la reunión |
Madrid) |
| 245 10 - MENCIÓN DE TITULO |
| Título |
Tecnología y sociedad en el nuevo siglo : |
| Subtítulo |
segundo foro sobre tendencias sociales los días 22,23 y 24 de octubre de 1997 / |
| Mención de responsabilidad |
|
| 260 ## - PUBLICACIÓN, DISTRIBUCIÓN, ETC. (PIE DE IMPRENTA) |
| Lugar de publicación, distribución, etc |
Madrid : |
| Nombre del editor, distribuidor, etc. |
Editorial Sistema, |
| Fecha de publicación, distribución, etc |
[2007] |
| 300 ## - DESCRIPCIÓN FÍSICA |
| Extensión |
735 p. ; |
| Dimensiones |
22 cm. |
| 500 ## - NOTA GENERAL |
| Nota general |
Incluye referencias bibliográficas y notas al pie de las páginas |
| 520 ## - RESUMEN, ETC. |
| Nota de resumen, etc. |
Los trabajos presentados analizan los impactos sociales que están tendiendo lugar como consecuencia de los cambios científico-tecnológicos, tanto desde una perspectiva general como en lo concerniente a las innovaciones concretas en los campos de la biotecnología, las tecnologías de la información y la comunicación, la robótica y la automatización avanzada. |
| 650 #4 - ENCABEZAMIENTO DE MATERIA--TEMÁTICO |
| Término temático o nombre geográfico como elemento de entrada |
Tecnología |
| Subdivisión temática general |
Aspectos sociales |
| Subdivisión de forma |
Congresos, conferencias, etc. |
| 650 #4 - ENCABEZAMIENTO DE MATERIA--TEMÁTICO |
| Término temático o nombre geográfico como elemento de entrada |
Robótica |
| Subdivisión de forma |
Congresos, conferencias, etc. |
| 650 #4 - ENCABEZAMIENTO DE MATERIA--TEMÁTICO |
| Término temático o nombre geográfico como elemento de entrada |
Automatización |
| Subdivisión de forma |
Congresos, conferencias, etc. |
| 650 #4 - ENCABEZAMIENTO DE MATERIA--TEMÁTICO |
| Término temático o nombre geográfico como elemento de entrada |
Nuevas tecnologías |
| 700 1# - ASIENTO SECUNDARIO -- NOMBRE PERSONAL |
| Nombre personal |
Tezanos, José Félix, |
| Mención de responsabilidad |
editor |
| 910 ## - VALIDACIÓN |
| Validación |
VMateo V. Control de calidad (BPMSU) |
| 930 #1 - EQUIVALENCE OR CROSS-REFERENCE-UNIFORM TITLE HEADING [LOCAL, CANADA] |
| Language of a work |
|
| Medium of performance for music |
|
| Field link and sequence number |
|
| Date of a work |
|
| Name of part/section of a work |
|
| 942 ## - ADDED ENTRY ELEMENTS (KOHA) |
| Source of classification or shelving scheme |
Dewey Decimal Classification |
| Koha item type |
Libros |